| Tag |
First Indicator |
Second Indicator |
Subfields |
| LEADER |
00000cam a2200000 a 4500 |
| 001 |
in00001402547 |
| 005 |
20151020055426.0 |
| 008 |
970417s1997 ilu b 001 0 eng |
| 010 |
|
|
|a 97018779
|
| 020 |
|
|
|a 0838906990
|
| 035 |
|
|
|a (OCoLC)36876085
|
| 035 |
|
|
|9 AHN4426AM
|
| 040 |
|
|
|a DLC
|c DLC
|d TXA
|d UtOrBLW
|
| 043 |
|
|
|a n-us---
|
| 049 |
|
|
|a TXAM
|
| 050 |
0 |
0 |
|a Z678
|b .C344 1997
|
| 082 |
0 |
0 |
|a 025.1
|2 21
|
| 100 |
1 |
|
|a Carson, Kerry D.
|q (Kerry David),
|d 1946-
|
| 245 |
1 |
4 |
|a The ABCs of collaborative change :
|b the manager's guide to library renewal /
|c Kerry David Carson, Paula Phillips Carson, Joyce Schouest Phillips.
|
| 264 |
|
1 |
|a Chicago :
|b American Library Association,
|c 1997.
|
| 300 |
|
|
|a xiii, 273 pages ;
|c 26 cm.
|
| 336 |
|
|
|a text
|b txt
|2 rdacontent
|
| 337 |
|
|
|a unmediated
|b n
|2 rdamedia
|
| 338 |
|
|
|a volume
|b nc
|2 rdacarrier
|
| 504 |
|
|
|a Includes bibliographical references and index.
|
| 650 |
|
0 |
|a Library administration
|z United States.
|
| 650 |
|
0 |
|a Organizational change
|z United States.
|
| 700 |
1 |
|
|a Carson, Paula Phillips,
|d 1967-
|
| 700 |
1 |
|
|a Phillips, Joyce Schouest.
|
| 999 |
|
|
|a MARS
|
| 999 |
f |
f |
|s 971ab87b-914e-32d0-bc35-425fed4357e1
|i 9406c8a8-a37e-393f-b7ea-d21f50ccecea
|t 0
|
| 952 |
f |
f |
|p ric
|a Texas A&M University
|b Rellis Campus
|c Joint Library Facility
|d Remote Storage
|t 0
|e Z678 .C344 1997
|h Library of Congress classification
|i unmediated -- volume
|m A14822136531
|
| 998 |
f |
f |
|a Z678 .C344 1997
|t 0
|l Remote Storage
|